Derechos fundamentales y Extremadura

Bibliographic Details
Other Authors: Casanueva Sǹchez, Isidoro (Conductor), Fernǹdez Vara, Guillermo (pr.), Silva Sǹchez, Antonio
Format: Unknown
Language:Spanish
Published: Madrid : Dykinson, D.L. 2008
Subjects:
Online Access:Acceso restringido

MARC

LEADER 00000ny a22000003n 4500
005 20110620135349.0
008 081209s2008 sp 000 0 spa c
017 |a D.L.SE5255-2008 
020 |a 9788498493078 
035 |a 2727 
040 |a SpMaUCDE  |d vlex 
080 |a 342.7(460.25) 
080 |a 347.62(460) 
080 |a 347.62(=41) 
090 |c 1367  |d 1367 
245 0 0 |a Derechos fundamentales y Extremadura  |h [Recurso electrn̤ico]  |c Isidoro Casanueva Sǹchez (coordinador) ; Antonio Silva Sǹchez ... [et al.] ; [prl̤ogo de Guillermo Fernǹdez Vara] 
256 |a Servicio en ln̕ea 
260 |a Madrid :  |b Dykinson,  |c D.L. 2008 
300 |a 190 p. ;  |c 21 cm. 
506 1 |a Contenido solo disponible en los productos indicados  |d vLex Global  |d vLex Global (Academic Edition, excluding Law Schools)  |d vLex Global (U.S. Academic Edition, Law Schools)  |d vLex Global (U.S. Academic Edition, excluding Law Schools)  |d vLex Global (Academic Edition, Law Schools) 
650 0 7 |a Proteccin̤ de los derechos fundamentales de la persona  |2 Tesauro vLex 
650 0 7 |a Derecho foral  |2 Tesauro vLex 
650 0 7 |a Derecho foral de extremadura  |2 Tesauro vLex 
650 0 7 |a Derechos fundamentales  |2 Tesauro vLex 
700 1 |a Casanueva Sǹchez, Isidoro,  |e dir. 
700 1 |a Fernǹdez Vara, Guillermo,  |e pr. 
700 1 |a Silva Sǹchez, Antonio 
740 0 |a vLex Libros (Servicios en ln̕ea) 
856 4 0 |u http://vlex.com/source/2727  |z Acceso restringido 
942 |c BOOK